00000000nas 2200000za 4500
0019.505647
003CaOODSP
00520221107133517
007cr |||||||||||
008150406d20072007oncar p o    f0   |0eng|d
040 |aCaOODSP|beng
043 |an-cn---
0861 |aCP51-10E-PDF
1101 |aCanada.|bCanada Public Service Agency.
24510|aAnnual report on official languages |h[electronic resource] : |bannual report to Parliament.
260 |a[Ottawa] : |bCanada Public Service Agency, |cc2009.
310 |aAnnual
3621 |aBegan and ceased with 2006/07 report.
500 |aIssued also in French under title: Rapport annuel sur les langues officielles.
69007|aOfficial languages|2gcpds
77508|tRapport annuel sur les langues officielles |w(CaOODSP)9.502046
78000|tAnnual report on official languages |w(CaOODSP)9.507309
78500|tAnnual report on official languages. |w(CaOODSP)9.505810